Evangelizar de nuevo el Kerigma cristiano en un mundo roto.

Saved in:
Bibliografiske detaljer
Hovedforfatter: Vela, Jesús Andrés, S.J (autor)
Format: Ukendt
Sprog:engelsk
Udgivet: Bogotá, D.C., Colombia: Pontificia Universidad Javeriana, 2010.
Serier:Colección Teología Hoy,
Fag:
Tags: Tilføj Tag
Ingen Tags, Vær først til at tagge denne postø!

MARC

LEADER 00000 a2200000 4500
003 CL-VaPUC
005 20230418101004.0
008 230411t2010 ||||| |||| 00| 0 eng d
999 |c 439711  |d 439709 
020 |a 978-958-716-302-5 
040 |c Pontificia Universidad Católica de Valparaíso 
082 |2 22  |a 269.2 VEL 2010 
100 |a Vela, Jesús Andrés,  |9 879303  |e autor  |c S.J.  
245 |a Evangelizar de nuevo el Kerigma cristiano en un mundo roto.  
260 |a Bogotá, D.C., Colombia:  |b Pontificia Universidad Javeriana,   |c 2010. 
300 |a 258 páginas. 
490 |a Colección Teología Hoy,   |n  71. 
583 |k GC  |c 20230411 
600 0 |9 558390  |a Nazaret, Jesús de   |x Evangelio   |x Salvación 
650 0 |9 257089  |a Evangelización  |x Cristianismo   |z América Latina 
942 |2 ddc  |c BK 
952 |0 0  |1 0  |2 ddc  |4 0  |6 269_200000000000000_VEL_2010  |7 0  |8 A  |9 589511  |a BIBTEO  |b BIBTEO  |c GEN  |d 2023-04-06  |e 178  |g 5089.24  |i 5657035  |o 269.2 VEL 2010  |p 5657035  |r 2025-01-17  |t 1  |v 5089.24  |w 2023-04-06  |y BK  |k ICR